Quizzes
Events
Quiz Creation
Community
Videos
Private Events
Remove Ads
Sign In
Join for FREE
Feedback
Dark Mode
Quiz Categories
Sports
Geography
Music
Movies
Television
Just For Fun
Miscellaneous
History
Literature
Language
Science
Gaming
Entertainment
Religion
Holiday
For Kids
Quiz Lab
Recent
Popular Today
Quiz Kudos Today
Editor Picks
Curator Picks
Quizzes by...
Day
Popularity
Type
Ratings
Length
Year
Community
Subscriptions
Recent Discussions
Orange Saloon
Badges
Playlists
Quests
Create
Leaderboards
Showdown
Live 5
Trivia Bingo
Activity
Puzzle Library
Sporcle Events
Private Events
Virtual Trivia
Globe League
Become a Host
Pub Owners
SporcleCon
Opinionation
Our Games
Videos
Blog
Mobile Apps
Partnerships
Remove Ads and Go Orange
Feedback
Sports
Athletes
MLB
NBA
NHL
NFL
Soccer
Sports Teams
WWE
NCAA
Football
Premier League
Basketball
Baseball
Hockey
Golf
Tennis
Cricket
Rugby
Auto Racing
Olympics
World Cup
Sports
Athletes
MLB
NBA
NHL
NFL
Soccer
Sports Teams
WWE
NCAA
Football
Premier League
Basketball
Baseball
Hockey
Golf
Tennis
Cricket
Rugby
Auto Racing
Olympics
World Cup
Random Quiz
Search Sporcle
×
Quiz Lab
Quiz Lab
Sports
Basketball
Type in answers that appear in a list
Type in answers that appear in a list
Classic
Best Score? Go Orange.
All-around contributors (NBA) Stats
Can you name the All-around contributors (NBA)?
By
dm82
4m
27 Questions
177 Plays
177 Plays
177 Plays
Comments
Comments
Give Quiz Kudos
Give Quiz Kudos
-
- Ratings
hide this ad
More Info
Replay
Link that replays current quiz
Next Quiz
Link to next quiz in quiz playlist
You Got
0%
They Got
Avg Score
81%
Avg Friend Score
Upgrade to see
Score Distribution
Jump to the score distribution portion of the page
Score
0/27
Timer
04:00
0
Plays Today
Primary Team
Player
% Correct
Cavaliers
LeBron James
97.7%
Bulls
Michael Jordan
97.2%
Lakers
Kobe Bryant
97.2%
Jazz
Karl Malone
96%
Celtics
Larry Bird
95.5%
Bulls
Scottie Pippen
95.5%
Timberwolves
Kevin Garnett
95.5%
Jazz
John Stockton
94.4%
Pacers
Reggie Miller
94.4%
Nets
Jason Kidd
93.8%
Celtics
Dennis Johnson
93.2%
Lakers
Magic Johnson
93.2%
Sonics
Gary Payton
91.5%
Warriors
Wilt Chamberlain
87%
Primary Team
Player
% Correct
Lakers
Kareem Abdul-Jabbar
86.4%
Blazers
Clyde Drexler
85.9%
Lakers
Jerry West
82.5%
Royals
Oscar Robertson
81.9%
Celtics
John Havlicek
78%
76ers
Charles Barkley
78%
Celtics
Bob Cousy
77.4%
Nuggets
Alex English
71.2%
Pistons
Grant Hill
70.1%
Knicks
Walt Frazier
66.7%
Warriors
Rick Barry
54.2%
76ers
Hal Greer
32.2%
Hawks
Lenny Wilkens
25.4%
Quiz Playlist
Details
Report
Send in Message
Add To Playlist
More Info:
NBA players with more than 15,000 points, 4,000 rebounds and 4,000 assists for their careers. Years played and primary teams are shown.
Classic:
Type in answers that appear in a list
Quiz Source
Last Updated: Feb 16, 2017
Quiz Scoreboard
CHALLENGE
Sign Up to Join the Scoreboard
Show All
Scores
Hide
Comments
May contain spoilers
Recently Published
Movies - When Are They Set?
by FPL_Elf
Movies
5m
Popular People in 1961
by mucciniale
History
6m
1-10 Letter E Words III
by El_Dandy
Language
2m
More to Explore
Quiz From the Vault
Featured Blog Post
Where Did the Easter Bunny Come From?
hide this ad
You Might Also Like...
Tags
Basketball Quiz
NBA Quiz
Today's Top Quizzes in Sports
Browse Sports
hide this ad
Today's Top Quizzes in Basketball
Browse Basketball
Top Contributed Quizzes in Sports
1
Les meilleurs buteurs des matchs entre le PSG et l’OM
2
Les entraîneurs de l'OM et du PSG au 21e siècle
3
FIFA Club World Cup Champions
4
2022 World Cup Stars
5
Name the Premier League winners with different clubs
6
La finale Lions - Afrique du Sud 2021
7
Criteria MLB: Left Handed Sluggers
8
Players with Multiple 50 Home Run Seasons
9
MLB Players with Two .350 Batting Average Seasons
10
MLB Hall of Famer by Rings
Explore More
Trending Topics
Crossword
NBA
Disney
Anime
Marvel
Harry Potter
Kpop
Song
NFL
Puzzle
The Office
Country
Pokémon
Soccer
WWE
hide this ad
More By:
dm82
Quiz
Plays
Rating
Category
Featured
Created
Highest scoring playoff games (2000s)
6,038
4.50
Sports
Feb 4, 2011
25ppg Without an All Star Selection (NBA)
5,968
4.50
Sports
Jul 7, 2012
Highest scoring playoff games (1990s)
2,405
4.37
Sports
Feb 4, 2011
PPG leaders by year of career
978
4.35
Sports
Dec 24, 2010
Most TD's during a single team career
756
4.33
Sports
Dec 24, 2010
Go to Creator's Profile
Score Distribution
Quiz Creator Spotlight
dm82
Follow
Send a Message
Quizzes Created
-
Created Quiz Play Count
-
More By This Creator
Popular Quizzes Today
1
Find the US States - No Outlines Minefield
2
Find the Countries of Europe - No Outlines Minefield
3
The Countries of the World
4
Popular People in 1961
5
1-10 Letter E Words III
6
US States
7
Find the US States
8
One Thing in Common: World Cities II
More Sports Quizzes
Last 5 Leicester City Winning XI's vs Chelsea
Quiz Lab
Trending Quizzes
Risky Map Clicking: Least Populous States A-Z
1-10 Letter F Words
1-10 Letter G Words
One Thing in Common: United Kingdom
Risky Map Clicking: Next State Alphabetically
Recently Updated
Leaping Animals
pecheneg
Reality TV Shows (A-Z)
bhenderson79
Rickey Henderson's Hall of Fame Teammates
pecheneg
Champions League XIs: Arsenal
pecheneg
Quick Pick: Celebrities in WWE's Hall of Fame
aduchscher
A-Z Keypad Blitz II
pecheneg
Multiple Oscar Actors
pecheneg
Mystery Phrase Blitz: Oscar 'Best Actors'
pecheneg
F. Scott Fitzgerald Novels
LTH
Pick 3 Villains
ddd62291
Trending Topics
Harry Potter
Kpop
Disney
Marvel
NBA
Crossword
Anime
Song
NFL
The Office
Pokémon
Soccer
Puzzle
Country
WWE
Your Account Isn't Verified!
In order to create a playlist on Sporcle, you need to verify the email address you used during registration. Go to your
Sporcle Settings
to finish the process.
Report this User
Report this user for behavior that violates our
Community Guidelines
.
Details:
Send Report
Go to the Sporcle.com Mobile Site →
Comments